000 01106nam a22002537a 4500
005 20170124103200.0
010 _aA-932021
020 _c150.00
035 _aA-932021
037 _bCen Lib/Ret
040 _aDPL
_bHN
082 _a181.4
_bगोस्वामी
100 _aगोस्वामी, सुबुद्धि
_991632
245 _aबाल विकास की दशाएं /
_cसुबुद्धि गोस्वामी
246 _aBaal vikas ki dashayen /
_bby Subuddhi Goswami
260 _aजयपुर
_bश्याम प्रकाशन
_c1997
270 _bजयपुर
_aफिल्म कालोनी, चुदा रास्ता
_e302003
300 _aviii, 160पृ.
_c21सेमी (सजिल्द)
650 _aदर्शन शास्त्र -- स्नेहिल व्यवहार
_974766
650 _aबाल विकास
_91054
650 _aPhilosophy -- Snehil behavior
_991633
650 _aChild Development
_9895
942 _2ddc
_cHN
_h181.4
_mगोस्वामी
999 _c120624
_d120624